[Event "SVK-ch qf 38th corr"]
[Site "Slovakia"]
[Date "2005.??.??"]
[Round "?"]
[White "Belay, Slavomir"]
[Black "Cipka, Ivan"]
[Result "1/2-1/2"]
[WhiteElo "1897"]
[BlackElo "1965"]
[PlyCount "24"]
[EventDate "2005.06.15"]
[EventType "tourn (corr)"]
[EventRounds "6"]
[EventCountry "SVK"]
[SourceTitle "Corr 2008"]
[Source "ChessBase"]
[SourceDate "2008.06.24"]
[SourceVersion "1"]
[SourceVersionDate "2008.06.24"]
[SourceQuality "1"]

1. e4 e5 2. Nf3 Nf6 3. Nxe5 d6 4. Nf3 Nxe4 5. d3 Nf6 6. g3 Bg4 7. Bg2 Qe7+ 8. Be3 Nd5 9. Qd2 Nxe3 10. fxe3 c6 11. Nc3 Nd7 12. h3 Bxf3 1/2-1/2

[Event "SVK-ch qf 38th corr"]
[Site "Slovakia"]
[Date "2005.??.??"]
[Round "?"]
[White "Belay, Slavomir"]
[Black "Krakovsky, Peter"]
[Result "0-1"]
[WhiteElo "1897"]
[BlackElo "1991"]
[PlyCount "68"]
[EventDate "2005.06.15"]
[EventType "tourn (corr)"]
[EventRounds "6"]
[EventCountry "SVK"]
[SourceTitle "Corr 2008"]
[Source "ChessBase"]
[SourceDate "2008.06.24"]
[SourceVersion "1"]
[SourceVersionDate "2008.06.24"]
[SourceQuality "1"]

1. e4 e5 2. Nf3 Nc6 3. c3 Nf6 4. d3 d5 5. exd5 Qxd5 6. Be2 Bf5 7. 0-0 0-0-0 8. c4 Qd7 9. Nc3 Bxd3 10. Bxd3 Qxd3 11. Qxd3 Rxd3 12. Bg5 Bb4 13. Bxf6 Bxc3 14. bxc3 gxf6 15. Rac1 Na5 16. c5 Rhd8 17. Nh4 R8d5 18. Nf5 Rxc5 19. Rfd1 Rcxc3 20. h3 Nc6 21. Kf1 Rxc1 22. Rxc1 Ra3 23. Rc2 Nd4 24. Nxd4 exd4 25. Rd2 d3 26. f3 c5 27. Ke1 c4 28. Kd1 Ra6 29. Kc1 Kd7 30. Kb2 Kd6 31. Kc3 Kc5 32. g4 Ra3+ 33. Kb2 c3+ 34. Kxa3 cxd2 0-1

[Event "SVK-ch op 12th corr"]
[Site "Slovakia"]
[Date "2005.??.??"]
[Round "?"]
[White "Belay, Slavomir"]
[Black "Kubala, Lubos"]
[Result "0-1"]
[WhiteElo "1897"]
[BlackElo "1647"]
[PlyCount "76"]
[EventDate "2005.02.15"]
[EventType "tourn (corr)"]
[EventRounds "6"]
[EventCountry "SVK"]
[SourceTitle "Corr 2008"]
[Source "ChessBase"]
[SourceDate "2008.06.24"]
[SourceVersion "1"]
[SourceVersionDate "2008.06.24"]
[SourceQuality "1"]

1. e4 c5 2. Nf3 Nc6 3. Bc4 d6 4. d4 cxd4 5. Nxd4 Nf6 6. Nc3 e6 7. Bg5 Qb6 8. Nb3 a6 9. 0-0 Ne5 10. Qe2 Qc7 11. Nd2 Nxc4 12. Qxc4 Qxc4 13. Nxc4 b5 14. Nb6 Rb8 15. Nxc8 Rxc8 16. Bxf6 gxf6 17. Rac1 Rc4 18. Rfe1 Bh6 19. Rcd1 Ke7 20. Rd3 b4 21. Na4 Rxc2 22. Rd4 Rhc8 23. Rxb4 Bd2 24. Rb7+ Kf8 25. Kf1 Bxe1 26. Kxe1 Rc1+ 27. Kd2 R8c2+ 28. Ke3 Re1+ 29. Kd3 Rxf2 30. Rb8+ Kg7 31. Nc3 Rxg2 32. h4 Rh1 33. Kd4 Rxh4 34. b3 f5 35. a4 f4 36. Rb6 Rd2+ 37. Kc4 f3 38. Rxa6 f2 0-1

[Event "SVK-Cup14 sf5 corr"]
[Site "Slovakia"]
[Date "2005.??.??"]
[Round "?"]
[White "Bujdak, Pavol"]
[Black "Belay, Slavomir"]
[Result "1-0"]
[WhiteElo "2058"]
[BlackElo "1897"]
[PlyCount "59"]
[EventDate "2005.04.01"]
[EventType "tourn (corr)"]
[EventRounds "6"]
[EventCountry "SVK"]
[SourceTitle "Corr 2008"]
[Source "ChessBase"]
[SourceDate "2008.06.24"]
[SourceVersion "1"]
[SourceVersionDate "2008.06.24"]
[SourceQuality "1"]

1. d4 d5 2. Nf3 Bf5 3. c4 e6 4. Nc3 Bb4 5. cxd5 Qxd5 6. e3 Nf6 7. Qa4+ Nc6 8. Bb5 Bxc3+ 9. bxc3 a6 10. c4 Qd6 11. Ne5 0-0 12. Bxc6 bxc6 13. Ba3 Qd8 14. Nxc6 Qd7 15. Ne7+ Kh8 16. Qxd7 Nxd7 17. Nxf5 exf5 18. Bxf8 Nxf8 19. Rb1 g6 20. Rb7 Ne6 21. d5 Nc5 22. Rxc7 Nd3+ 23. Ke2 Nb4 24. a3 Nc2 25. d6 Rb8 26. d7 Nxa3 27. Rc8+ Rxc8 28. dxc8Q+ Kg7 29. Qxa6 Nc2 30. Rd1 1-0

[Event "SVK-ch qf 38th corr"]
[Site "Slovakia"]
[Date "2005.??.??"]
[Round "?"]
[White "Bujdak, Pavol"]
[Black "Belay, Slavomir"]
[Result "1-0"]
[WhiteElo "2058"]
[BlackElo "1897"]
[PlyCount "27"]
[EventDate "2005.06.15"]
[EventType "tourn (corr)"]
[EventRounds "6"]
[EventCountry "SVK"]
[SourceTitle "Corr 2008"]
[Source "ChessBase"]
[SourceDate "2008.06.24"]
[SourceVersion "1"]
[SourceVersionDate "2008.06.24"]
[SourceQuality "1"]

1. d4 Nf6 2. c4 d5 3. cxd5 Qxd5 4. Nc3 Qd8 5. Nf3 Bf5 6. Qb3 Be4 7. Nxe4 Nxe4 8. Qxb7 Nxf2 9. Kxf2 Nd7 10. e4 Nb6 11. Bb5+ c6 12. Bxc6+ Nd7 13. Ne5 Rb8 14. Bxd7+ 1-0

[Event "SVK-Cup14 sf5 corr"]
[Site "Slovakia"]
[Date "2005.??.??"]
[Round "?"]
[White "Hindicky, Frantisek"]
[Black "Belay, Slavomir"]
[Result "1-0"]
[WhiteElo "2339"]
[BlackElo "1897"]
[PlyCount "57"]
[EventDate "2005.04.01"]
[EventType "tourn (corr)"]
[EventRounds "6"]
[EventCountry "SVK"]
[SourceTitle "Corr 2008"]
[Source "ChessBase"]
[SourceDate "2008.06.24"]
[SourceVersion "1"]
[SourceVersionDate "2008.06.24"]
[SourceQuality "1"]

1. e4 e5 2. Nf3 Nc6 3. Bb5 a6 4. Ba4 b5 5. Bb3 Bb7 6. 0-0 Bc5 7. c3 Nf6 8. d4 exd4 9. cxd4 Bb6 10. e5 Ng8 11. d5 Na5 12. Bg5 f6 13. exf6 Nxf6 14. Re1+ Kf8 15. Nc3 d6 16. Bc2 Qd7 17. Nd4 Bxd4 18. Qxd4 Qf7 19. Re6 Bc8 20. Rxf6 gxf6 21. Re1 h6 22. Bxf6 Rg8 23. Qf4 Rg6 24. Bxg6 Qxg6 25. Be7+ Kg7 26. Qf8+ Kh7 27. Bf6 Bb7 28. Re7+ Qg7 29. Qxg7# 1-0

[Event "SVK-ch O 005 corr"]
[Site "Slovakia"]
[Date "2003.??.??"]
[Round "?"]
[White "Macko, Michal"]
[Black "Belay, Slavomir"]
[Result "0-1"]
[WhiteElo "1600"]
[BlackElo "1600"]
[PlyCount "50"]
[EventDate "2003.??.??"]
[EventType "tourn (corr)"]
[EventRounds "10"]
[EventCountry "SVK"]
[SourceTitle "Corr 2004"]
[Source "ChessBase"]
[SourceDate "2003.04.28"]
[SourceVersion "3"]
[SourceVersionDate "2003.04.28"]
[SourceQuality "1"]

1. e4 e5 2. Nf3 Nc6 3. Bc4 Bc5 4. Nc3 Nf6 5. d3 d6 6. Bg5 h6 7. Bxf6 Qxf6 8. Nd5 Qd8 9. c3 a6 10. d4 Ba7 11. dxe5 dxe5 12. 0-0 0-0 13. a4 Bg4 14. Be2 Ne7 15. Nxe5 Bxe2 16. Qxe2 Nxd5 17. exd5 Re8 18. Kh1 f6 19. Qc4 fxe5 20. d6+ Kh8 21. dxc7 Qe7 22. f4 e4 23. b4 Rac8 24. Rac1 Rxc7 25. Qd5 e3 0-1